00882nam a22002417a 45000010005000000030006000050050017000110080041000280200018000690400029000870500008001160820013001241000024001372450090001612500028002512600053002793000049003325050008003815200167003895210030005565210021005867000033006077667FISKH20250730145858.0250730b cb ||||| |||| 00| 0 eng d a9781848104952 aFISKHbengcFISKHdFISKH aPZ7 a823.9208 aGallagher, Belinda aAnansi and Mr Snake and other stories : bTen-minute stories /cBy Belinda Gallagher aFirst published in 2011 aCalifornia bMike Kelly Publishing Ltd , c2011. a40 pages : bcolor illustrations ;c28 cm .  aP  aSimply retold and wonderfully illustrated, this series brings together charming tales that children will enjoy. Each story takes approximately 10 minutes to read.8 a640 bLexile estimate 8 aP bRaz-Plus  aCowan, JoeCreative Director